|
|
|
|
| LEADER |
02589nam a2200673 i 4500 |
| 001 |
nkc20162864651 |
| 003 |
CZ PrNK |
| 005 |
20170912083530.0 |
| 007 |
ta |
| 008 |
170504s2017 xr f 001 0 cze |
| 015 |
|
|
|a cnb002864651
|
| 020 |
|
|
|a 978-80-200-2682-8
|q (brožováno)
|
| 035 |
|
|
|a (OCoLC)1005735834
|
| 040 |
|
|
|a ABA001
|b cze
|d OLA001
|e rda
|
| 041 |
1 |
|
|a cze
|h eng
|h fre
|h ger
|
| 072 |
|
7 |
|a 14
|x Filozofické systémy a hlediska
|2 Konspekt
|9 5
|
| 080 |
|
|
|a 140.8
|2 MRF
|
| 080 |
|
|
|a 14(091)
|2 MRF
|
| 080 |
|
|
|a 165.242.2:801.73
|2 MRF
|
| 080 |
|
|
|a 801.73
|2 MRF
|
| 080 |
|
|
|a 81'37
|2 MRF
|
| 080 |
|
|
|a (048.8:082)
|2 MRF
|
| 080 |
|
|
|a (082.21)
|2 MRF
|
| 245 |
0 |
0 |
|a "Světový názor" od Humboldta k Eagletonovi :
|b komentovaná antologie textů k dějinám pojmu /
|c Lukáš Borovička (ed.)
|
| 250 |
|
|
|a Vydání první
|
| 264 |
|
1 |
|a Praha :
|b Academia,
|c 2017
|
| 300 |
|
|
|a 223 stran ;
|c 24 cm
|
| 336 |
|
|
|a text
|b txt
|2 rdacontent
|
| 337 |
|
|
|a bez média
|b n
|2 rdamedia
|
| 338 |
|
|
|a svazek
|b nc
|2 rdacarrier
|
| 490 |
1 |
|
|a Společnost ;
|v sv. 19
|
| 500 |
|
|
|a Z angličtiny, francouzštiny a němčiny? přeložili Lukáš Borovička, Tomáš Koblížek, Petr Přikryl, Jiří Soukup
|
| 504 |
|
|
|a Obsahuje bibliografie, bibliografické odkazy a rejstřík
|
| 546 |
|
|
|a Anglické resumé
|
| 650 |
0 |
7 |
|a světový názor
|7 ph126340
|2 czenas
|
| 650 |
0 |
7 |
|a dějiny filozofie
|7 ph137168
|2 czenas
|
| 650 |
0 |
7 |
|a interpretace (filozofie)
|7 ph135767
|2 czenas
|
| 650 |
0 |
7 |
|a interpretace textů
|7 ph844747
|2 czenas
|
| 650 |
0 |
7 |
|a sémantika
|7 ph117272
|2 czenas
|
| 650 |
0 |
9 |
|a world view
|2 eczenas
|
| 650 |
0 |
9 |
|a history of philosophy
|2 eczenas
|
| 650 |
0 |
9 |
|a interpretation (philosophy)
|2 eczenas
|
| 650 |
0 |
9 |
|a interpretation of texts
|2 eczenas
|
| 650 |
0 |
9 |
|a semantics
|2 eczenas
|
| 655 |
|
7 |
|a kolektivní monografie
|7 fd501537
|2 czenas
|
| 655 |
|
7 |
|a antologie
|7 fd131819
|2 czenas
|
| 655 |
|
9 |
|a collective monographs
|2 eczenas
|
| 655 |
|
9 |
|a anthology
|2 eczenas
|
| 700 |
1 |
|
|a Borovička, Lukáš,
|d 1982-
|7 ola2017960213
|4 edt
|4 trl
|
| 700 |
1 |
|
|a Koblížek, Tomáš,
|d 1982-
|7 jcu2010610550
|4 trl
|
| 700 |
1 |
|
|a Přikryl, Petr,
|d 1978-
|7 jo2017963168
|4 trl
|
| 700 |
1 |
|
|a Soukup, Jiří,
|d 1984-
|7 jo2016902493
|4 trl
|
| 830 |
|
0 |
|a Společnost (Academia)
|0 s
|
| 856 |
4 |
1 |
|u http://www.digitalniknihovna.cz/mzk/uuid/uuid:72ff9aa0-6c1d-11ef-8429-005056827e52
|y Digitalizovaný dokument
|x NDK
|
| 910 |
2 |
|
|a BOA001
|b 2-1391.964
|
| 990 |
|
|
|a BK
|
| 995 |
|
|
|a 01
|
| 991 |
|
|
|b 201708
|c NOV
|
| 996 |
6 |
|
|b 2610715184
|c 2-1391.964
|l MZK
|r Sklad / do 1 hodiny
|n 0
|p p.v.
|w 001624120
|u 000010
|a 1
|e BOA001
|j MZK50
|s P
|